000 00436nam a22001817a 4500
003 CEME
005 20210628210553.0
008 210210b xxu||||| |||| 00| 0 eng d
020 _a0-7195-2844-5
040 _c.
082 _a530 DUN
100 _aDuncan, T
_979987
245 _aAdvanced physics materials and mechanics
260 _aLONDON
_bJOHN MURRAY
_c1973
300 _a419P
650 _aPHYSICS
_912534
942 _cBK
_2ddc
999 _c584967
_d584967